[Event "FISU World University-ch 2020"]
[Site "Online"]
[Date "2020.10.26"]
[Round "4.15"]
[White "Chavez Pena, Gonzalo Ignacio"]
[Black "Wang, Zihao"]
[Result "0-1"]
[WhiteElo "1787"]
[BlackElo "1811"]
[Annotator "NA RC"]
[PlyCount "64"]
[EventDate "2020.10.26"]
[SourceTitle "playchess.com"]
[Source "ChessBase"]
[SourceQuality "1"]

1. e4 c5 2. Nf3 d6 3. d4 cxd4 4. Nxd4 Nf6 5. Nc3 a6 6. g3 e5 7. Nde2 Be6 8. Bg2 Be7 9. O-O O-O 10. Kh1 Nbd7 11. f4 Qc7 12. Be3 b5 13. a3 Rfc8 14. h3 Bc4 15. g4 a5 16. g5 Nh5 17. Rf3 b4 18. axb4 axb4 19. Rxa8 Rxa8 20. Nd5 Bxd5 21. Qxd5 Ra1+ 22. Kh2 Qxc2 23. Qb7 Re1 24. Ng1 exf4 25. Qxd7 Rxe3 26. Qxe7 g6 27. Qxd6 Qxb2 28. Qc5 b3 29. Rxe3 fxe3 30. Qxe3 Qe5+ 31. Kh1 Ng3+ 32. Kh2 Nf1+ 0-1

[Event "FISU World University-ch 2020"]
[Site "Online"]
[Date "2020.10.26"]
[Round "4.15"]
[White "Chen, Jinghua"]
[Black "Vasquez Vasquez, Sebastian"]
[Result "1-0"]
[WhiteElo "1690"]
[BlackElo "1726"]
[Annotator "NA RC"]
[PlyCount "143"]
[EventDate "2020.10.26"]
[SourceTitle "playchess.com"]
[Source "ChessBase"]
[SourceQuality "1"]

1. e4 g6 2. d4 Bg7 3. c4 d6 4. Nc3 Nf6 5. Nge2 O-O 6. g3 c6 7. Bg2 e5 8. dxe5 dxe5 9. O-O Be6 10. b3 Qd7 11. a4 Na6 12. Ba3 Rfd8 13. Qxd7 Nxd7 14. Rad1 Ndc5 15. b4 Nb3 16. c5 Bc4 17. Rfe1 Nd4 18. Nxd4 exd4 19. b5 Nc7 20. b6 Ne6 21. Nb1 axb6 22. Nd2 Rxa4 23. Nxc4 Rxc4 24. cxb6 Ra4 25. Rd3 c5 26. Bc1 Ra1 27. Kf1 c4 28. Rdd1 c3 29. e5 d3 30. Bxb7 d2 31. Bxd2 Rxd1 32. Rxd1 c2 33. Rc1 Rxd2 34. Ke1 Bh6 35. f4 Rxh2 36. Be4 Nd4 37. b7 Re2+ 38. Kf1 Rxe4 39. b8=Q+ Bf8 40. Qb2 Nf5 41. Rxc2 Ne3+ 42. Kg1 Nxc2 43. Qxc2 Rb4 44. Kf2 h5 45. Kg2 Rb8 46. Qc7 Rb2+ 47. Kh3 Re2 48. Qd8 Kg7 49. Qf6+ Kg8 50. Qd8 Kg7 51. Qd3 Ra2 52. f5 g5 53. f6+ Kh6 54. Qe3 Bc5 55. Qc1 Ba3 56. Qh1 Bc5 57. g4 Ra3+ 58. Kg2 Ra2+ 59. Kf3 h4 60. Ke4 Rd2 61. e6 Rd4+ 62. Ke5 Rd2 63. e7 Bd6+ 64. Ke4 Re2+ 65. Kd5 Rd2+ 66. Kc6 Bf4 67. e8=Q Rc2+ 68. Kd5 Rd2+ 69. Kc4 Rc2+ 70. Kb3 Rd2 71. Qh8+ Kg6 72. Qg7# 1-0

[Event "FISU World University-ch 2020"]
[Site "Online"]
[Date "2020.10.26"]
[Round "4.16"]
[White "Mukhit, Aisezym"]
[Black "Jeyanthan, Krishna Rahul"]
[Result "1-0"]
[WhiteElo "1919"]
[BlackElo "1629"]
[Annotator "TA"]
[PlyCount "77"]
[EventDate "2020.10.26"]
[SourceTitle "playchess.com"]
[Source "ChessBase"]
[SourceQuality "1"]

1. e4 e5 2. Nf3 Nc6 3. Bc4 Bc5 4. c3 Nf6 5. d3 d6 6. O-O a6 7. Bb3 Ba7 8. Nbd2 h6 9. Re1 Ng4 10. Re2 Qe7 11. h3 Nf6 12. Nf1 Be6 13. d4 Bxb3 14. axb3 g5 15. Ne3 O-O-O 16. d5 Nb8 17. Qd3 Rhg8 18. Nf5 Qd7 19. Nxh6 Rg6 20. Bxg5 Nh7 21. h4 f6 22. Be3 Qh3 23. Ng5 Qxh4 24. Nf5 Qh5 25. Nxh7 Bxe3 26. Ne7+ Kd7 27. Nxg6 Qxg6 28. Nxf6+ Qxf6 29. Rxe3 Rh8 30. Rh3 Rg8 31. Qf3 Qe7 32. Qf5+ Kd8 33. Rh7 Qe8 34. Qf6+ Kc8 35. Re7 Qd8 36. Qe6+ Nd7 37. Rxd7 Qxd7 38. Qxg8+ Qd8 39. Qxd8+ 1-0

[Event "FISU World University-ch 2020"]
[Site "Online"]
[Date "2020.10.26"]
[Round "4.16"]
[White "Barmagambetov, Sagynysh"]
[Black "Kulatunga, Dinithi"]
[Result "0-1"]
[WhiteElo "1776"]
[BlackElo "1402"]
[Annotator "NA RC"]
[PlyCount "80"]
[EventDate "2020.10.26"]
[SourceTitle "playchess.com"]
[Source "ChessBase"]
[SourceQuality "1"]

1. e4 e5 2. Nf3 Nc6 3. Bc4 Nf6 4. Nc3 Bc5 5. O-O O-O 6. d3 d6 7. h3 h6 8. Be3 Bb6 9. a4 Be6 10. Nd5 Na5 11. Ba2 Nc6 12. Bd2 a6 13. Nxb6 cxb6 14. c4 Rc8 15. Bc3 a5 16. Qd2 Qd7 17. Nh2 Nh5 18. b3 f5 19. exf5 Rxf5 20. Ng4 Nf4 21. d4 exd4 22. Bxd4 Nxd4 23. Qxd4 Ne2+ 24. Kh2 Nxd4 25. Rad1 Ne2 26. Bb1 Rff8 27. Ne3 Nc3 28. Rd2 Nxb1 29. Rxb1 Rcd8 30. Rbd1 Qe7 31. Nc2 Rf6 32. Nd4 Bc8 33. f3 Qe5+ 34. Kh1 Qg3 35. Ne2 Qe5 36. Ng1 Rg6 37. Rd5 Qg3 38. R5d2 Re8 39. f4 Re1 40. Rd3 Qxg2# 0-1

[Event "FISU World University-ch 2020"]
[Site "Online"]
[Date "2020.10.26"]
[Round "4.16"]
[White "Obeysekara, T A Sajith Chathuran"]
[Black "Serikbay, Chingiz"]
[Result "1-0"]
[WhiteElo "1684"]
[BlackElo "2338"]
[Annotator "TA"]
[PlyCount "147"]
[EventDate "2020.10.26"]
[SourceTitle "playchess.com"]
[Source "ChessBase"]
[SourceQuality "1"]

1. d4 Nf6 2. Nf3 d5 3. e3 Bf5 4. Bd3 Bxd3 5. cxd3 e6 6. O-O c5 7. dxc5 Bxc5 8. b3 O-O 9. Bb2 Nc6 10. a3 Rc8 11. Nbd2 a6 12. Rc1 Qe7 13. b4 Bd6 14. Nb3 e5 15. h3 Rfd8 16. d4 e4 17. Nfd2 Bb8 18. Re1 Rf8 19. Nc5 g6 20. Qe2 Nh5 21. Nf1 f5 22. g3 Ng7 23. f4 exf3 24. Qxf3 Qf7 25. Rc2 g5 26. Rec1 f4 27. Nxb7 Qxb7 28. Qxd5+ Kh8 29. Rxc6 Rcd8 30. Qxg5 fxg3 31. d5 Rd7 32. R1c4 Rdf7 33. Rf6 g2 34. Rxf7 Qxf7 35. Qxg7+ Qxg7 36. Bxg7+ Kxg7 37. Kxg2 Be5 38. Rc6 Ra8 39. Nd2 Kf7 40. Nc4 Bf6 41. e4 Bd4 42. Nd6+ Kf8 43. Nf5 Bb2 44. a4 Rb8 45. Rxa6 Rxb4 46. Kf3 Be5 47. Re6 Bh2 48. a5 h6 49. Nxh6 Rb3+ 50. Kg4 Rg3+ 51. Kh4 Rg1 52. a6 Bf4 53. Ng4 Bg3+ 54. Kg5 Ra1 55. h4 Be1 56. h5 Bc3 57. h6 Bd4 58. Ne5 Rg1+ 59. Ng4 Kf7 60. Rc6 Be3+ 61. Kf5 Rf1+ 62. Ke5 Bf4+ 63. Kd4 Rd1+ 64. Kc3 Ra1 65. h7 Kg7 66. Kb2 Ra5 67. Rf6 Bg5 68. Rg6+ Kxh7 69. Rxg5 Rxa6 70. Kc3 Ra4 71. Kd3 Kh8 72. d6 Kh7 73. d7 Ra1 74. Rd5 1-0

[Event "FISU World University-ch 2020"]
[Site "Online"]
[Date "2020.10.26"]
[Round "4.16"]
[White "Ranasinghe, P K"]
[Black "Barmagambetova, Sakypzhamal"]
[Result "0-1"]
[WhiteElo "1586"]
[BlackElo "1894"]
[Annotator "NA RC"]
[PlyCount "88"]
[EventDate "2020.10.26"]
[SourceTitle "playchess.com"]
[Source "ChessBase"]
[SourceQuality "1"]

1. e4 c5 2. c3 Nf6 3. e5 Nd5 4. d4 cxd4 5. cxd4 d6 6. Nf3 Nc6 7. Bc4 e6 8. O-O Be7 9. Bxd5 exd5 10. Bf4 dxe5 11. Nxe5 O-O 12. Nc3 Be6 13. Re1 Bf6 14. Nxc6 bxc6 15. Be5 Be7 16. Re3 Rc8 17. Ne2 f6 18. Bg3 Bf7 19. Nf4 Qd7 20. h4 c5 21. h5 cxd4 22. Rd3 Bc5 23. h6 g6 24. Qf3 Qf5 25. Rad1 g5 26. Ne2 Qxf3 27. Rxf3 Bh5 28. Nxd4 Bxf3 29. Nxf3 Rfd8 30. Nd4 Bxd4 31. Rxd4 Rc4 32. Rd3 Kf7 33. Rb3 Rd7 34. Rb8 Kg6 35. Rf8 Rc6 36. f4 Kxh6 37. fxg5+ Kxg5 38. Rg8+ Kf5 39. Re8 d4 40. Re2 d3 41. Rd2 Rc2 42. Be1 Rxd2 43. Bxd2 Rc7 44. Bc3 Rxc3 0-1

[Event "FISU World University-ch 2020"]
[Site "Online"]
[Date "2020.10.26"]
[Round "4.17"]
[White "Makhnev, Denis"]
[Black "Chen, Yiru"]
[Result "1-0"]
[WhiteElo "2486"]
[BlackElo "1828"]
[Annotator "TA"]
[PlyCount "47"]
[EventDate "2020.10.26"]
[SourceTitle "playchess.com"]
[Source "ChessBase"]
[SourceQuality "1"]

1. d4 Nf6 2. c4 e6 3. g3 d5 4. Bg2 dxc4 5. Nf3 Be7 6. O-O O-O 7. Qc2 a6 8. a4 c5 9. Rd1 Nc6 10. Nbd2 cxd4 11. Nxc4 Bc5 12. Nce5 Qb6 13. Nxc6 bxc6 14. a5 d3 15. exd3 Qb5 16. d4 Bb4 17. Ne5 Bb7 18. Bd2 Bxd2 19. Rxd2 Rac8 20. Nd3 Nd7 21. b4 e5 22. Nc5 Rc7 23. Bf1 Qxb4 24. Ra4 1-0

[Event "FISU World University-ch 2020"]
[Site "Online"]
[Date "2020.10.26"]
[Round "4.17"]
[White "Turar, Dastan"]
[Black "Wu, Yiquan"]
[Result "1-0"]
[WhiteElo "2229"]
[BlackElo "1550"]
[Annotator "TA"]
[PlyCount "22"]
[EventDate "2020.10.26"]
[SourceTitle "playchess.com"]
[Source "ChessBase"]
[SourceQuality "1"]

1. d4 Nf6 2. Nf3 e6 3. c4 d5 4. Nc3 Bb4 5. Bg5 Nbd7 6. e3 h6 7. Bxf6 Nxf6 8. Qa4+ Bd7 9. Qxb4 b6 10. Bd3 Qb8 11. c5 bxc5 1-0

[Event "FISU World University-ch 2020"]
[Site "Online"]
[Date "2020.10.26"]
[Round "4.18"]
[White "Walter, Szymon"]
[Black "Zapata Arbelaez, Estiven"]
[Result "1-0"]
[WhiteElo "2276"]
[BlackElo "2203"]
[Annotator "RC"]
[PlyCount "127"]
[EventDate "2020.10.26"]
[SourceTitle "playchess.com"]
[Source "ChessBase"]
[SourceQuality "1"]

1. e4 e5 2. Nf3 Nc6 3. Bb5 a6 4. Ba4 Nf6 5. O-O b5 6. Bb3 Be7 7. Re1 d6 8. c3 O-O 9. h3 Na5 10. Bc2 c5 11. d4 Qc7 12. Nbd2 cxd4 13. cxd4 Nc6 14. Nb3 a5 15. Be3 a4 16. Nbd2 Nb4 17. Bb1 a3 18. Qb3 Qa5 19. Nf1 Qa4 20. bxa3 Qxa3 21. Qxa3 Rxa3 22. Bc1 Ra6 23. Bb2 exd4 24. Nxd4 Bd7 25. Ne3 Rb8 26. Ndf5 Nc6 27. Bd3 Kf8 28. Nxe7 Kxe7 29. Nd5+ Kf8 30. Nxf6 gxf6 31. Bxf6 Nb4 32. Bb1 Rba8 33. Re2 Be6 34. Rb2 Ra4 35. a3 Nc6 36. Rxb5 Rxa3 37. Rxa3 Rxa3 38. Rb6 Bd7 39. Rb7 Ke8 40. Bc2 Ra7 41. Rxa7 Nxa7 42. f4 Kf8 43. Kf2 Nc6 44. Ke3 Be6 45. g4 Ne7 46. f5 Bc4 47. h4 Ng8 48. Bc3 f6 49. g5 Kf7 50. Bd1 Ke7 51. Kf4 Bf7 52. Bf3 Bc4 53. gxf6+ Nxf6 54. Kg5 Ng8 55. f6+ Ke6 56. Bg4+ Kf7 57. Bh5+ Kf8 58. Bb4 Bf7 59. Bxd6+ Ke8 60. Bg4 h6+ 61. Kf5 Kd7 62. Ke5+ Kc6 63. Be6 Nxf6 64. Kxf6 1-0

[Event "FISU World University-ch 2020"]
[Site "Online"]
[Date "2020.10.26"]
[Round "4.18"]
[White "Blandon, Luis Guillermo"]
[Black "Tomaszewski, Kacper"]
[Result "1-0"]
[WhiteElo "2251"]
[BlackElo "2320"]
[Annotator "TA"]
[PlyCount "89"]
[EventDate "2020.10.26"]
[SourceTitle "playchess.com"]
[Source "ChessBase"]
[SourceQuality "1"]

1. e4 c5 2. Nf3 e6 3. d4 cxd4 4. Nxd4 Bc5 5. Nb3 Bb6 6. Nc3 Ne7 7. Bd3 O-O 8. O-O f5 9. exf5 Nxf5 10. a4 Nc6 11. Ne2 a6 12. c4 Ne5 13. c5 Bc7 14. Bxf5 Rxf5 15. Nbd4 Qh4 16. f4 Rh5 17. fxe5 Qxh2+ 18. Kf2 Qh4+ 19. g3 Qh2+ 20. Ke1 Bxe5 21. Ra3 d6 22. cxd6 Bxd6 23. Raf3 Bd7 24. Nf5 Bb4+ 25. Bd2 Bxa4 26. Bxb4 Rxf5 27. Rxf5 exf5 28. Qxa4 h6 29. Bc3 Rd8 30. Qc4+ Kh7 31. Qf7 Rg8 32. Qxf5+ Kh8 33. Qe4 Qh5 34. Rh1 Qg5 35. Qf4 Qxf4 36. Nxf4 Re8+ 37. Kf2 Kh7 38. Re1 Rxe1 39. Kxe1 g5 40. Ne6 Kg6 41. Nc5 h5 42. Nxb7 h4 43. gxh4 gxh4 44. Kf2 Kf5 45. Nc5 1-0

[Event "FISU World University-ch 2020"]
[Site "Online"]
[Date "2020.10.26"]
[Round "4.18"]
[White "Cieslak, Wiktoria"]
[Black "Cardona Martinez, Lina Sofia"]
[Result "0-1"]
[WhiteElo "2010"]
[BlackElo "1877"]
[Annotator "TA"]
[PlyCount "102"]
[EventDate "2020.10.26"]
[SourceTitle "playchess.com"]
[Source "ChessBase"]
[SourceQuality "1"]

1. e4 c5 2. Nf3 Nc6 3. d4 cxd4 4. Nxd4 Nf6 5. Nc3 e5 6. Ndb5 d6 7. a4 a6 8. Na3 Be6 9. Bc4 Be7 10. O-O Rc8 11. Re1 O-O 12. Nd5 Nd4 13. c3 Bxd5 14. Bxd5 Nxd5 15. exd5 Nf5 16. Qd3 Nh4 17. b4 f5 18. a5 e4 19. Qe3 Bf6 20. Bd2 Be5 21. Nc2 Rf6 22. Red1 Rg6 23. Ne1 Rc4 24. Qh3 f4 25. Kf1 Qf6 26. Ke2 Nf5 27. Ra3 Rh6 28. Qg4 Rh4 29. h3 Rxg4 30. hxg4 Nh4 31. g3 fxg3 32. fxg3 Bxg3 33. Be3 Bxe1 34. Rxe1 Qf3+ 35. Kd2 Ng2 36. Re2 Nxe3 37. Rxe3 Qxg4 38. Ra1 Qg5 39. Rae1 Qxd5+ 40. Kc2 Qf5 41. Kb3 d5 42. Rg3 h6 43. Reg1 g5 44. Rh1 Rc6 45. Rgh3 Kg7 46. Rg3 Qe6 47. Kb2 Qf7 48. Rh2 Rf6 49. Rgg2 Rf3 50. Rd2 e3 51. Rde2 Rf2 0-1

[Event "FISU World University-ch 2020"]
[Site "Online"]
[Date "2020.10.26"]
[Round "4.18"]
[White "Ocampo, Cristina"]
[Black "Dzierzak, Radoslaw"]
[Result "0-1"]
[WhiteElo "1970"]
[BlackElo "2252"]
[Annotator "TA"]
[PlyCount "60"]
[EventDate "2020.10.26"]
[SourceTitle "playchess.com"]
[Source "ChessBase"]
[SourceQuality "1"]

1. e4 c5 2. Nf3 e6 3. d4 cxd4 4. Nxd4 Nc6 5. Nc3 Qc7 6. a3 a6 7. Be3 Nf6 8. Be2 b5 9. O-O Bb7 10. Qd2 Be7 11. Rad1 O-O 12. f4 d6 13. Bf3 Rac8 14. Qf2 Qb8 15. Qg3 Rfe8 16. f5 Nxd4 17. Bxd4 e5 18. Be3 Rc4 19. Bh6 Bf8 20. Rfe1 Kh8 21. Bc1 Qa8 22. Qh4 d5 23. Be2 Bc5+ 24. Kh1 Nxe4 25. Nxe4 Rxe4 26. Qh5 Rf8 27. Bh6 gxh6 28. Qxh6 f6 29. Rd3 Rf7 30. Rg3 Qf8 0-1

[Event "FISU World University-ch 2020"]
[Site "Online"]
[Date "2020.10.26"]
[Round "4.19"]
[White "Gomez Sanchez, Jorge Marcos"]
[Black "Smieszek, Wojciech"]
[Result "1/2-1/2"]
[WhiteElo "2352"]
[BlackElo "2107"]
[Annotator "TA"]
[PlyCount "247"]
[EventDate "2020.10.26"]
[SourceTitle "playchess.com"]
[Source "ChessBase"]
[SourceQuality "1"]

1. Nf3 c5 2. e4 g6 3. d4 cxd4 4. Nxd4 Nc6 5. Nc3 Bg7 6. Be3 Nf6 7. Bc4 O-O 8. Bb3 d6 9. f3 Bd7 10. Qd2 Rc8 11. h4 h5 12. O-O-O Ne5 13. Bg5 Rc5 14. Rhe1 Qa5 15. Kb1 Rfc8 16. f4 Nc4 17. Bxc4 Rxc4 18. Bxf6 Bxf6 19. Nd5 Qd8 20. Nxf6+ exf6 21. f5 Kg7 22. g4 hxg4 23. Rg1 Qc7 24. b3 Rxd4 25. Qxd4 Qxc2+ 26. Ka1 g3 27. Rxg3 Qh2 28. Rc3 Rxc3 29. Qxc3 Qxh4 30. Rxd6 Bc6 31. fxg6 fxg6 32. Qd4 Qf4 33. Kb2 g5 34. Rd8 Qe5 35. Kc3 Bxe4 36. Qxe5 fxe5 37. Rd6 g4 38. Kd2 Kf7 39. Ke3 Bc6 40. Kf2 Ke7 41. Rh6 Kd7 42. Kg3 Bf3 43. b4 Kc7 44. a4 b6 45. Re6 e4 46. Kf4 Kb7 47. Re7+ Kb8 48. Rg7 Ka8 49. Ke3 Kb8 50. Kd4 a5 51. bxa5 bxa5 52. Rg5 Kb7 53. Rxa5 g3 54. Rg5 g2 55. Rg6 Ka7 56. a5 Kb7 57. Ke3 Ka7 58. Kf2 Kb7 59. Re6 Ka7 60. Kg1 Kb7 61. Rb6+ Ka7 62. Re6 Kb7 63. Kf2 Ka7 64. Rg6 Kb7 65. Rb6+ Ka7 66. Rb1 Ka6 67. Ra1 Ka7 68. Ke3 Ka6 69. Kf2 Ka7 70. a6 g1=Q+ 71. Kxg1 Be2 72. Kf2 Bxa6 73. Ke3 Kb6 74. Kxe4 Be2 75. Ra2 Bg4 76. Kd5 Bf3+ 77. Kd4 Kc6 78. Rf2 Bh5 79. Rh2 Bd1 80. Rh1 Be2 81. Re1 Bg4 82. Re4 Bf3 83. Rf4 Bd1 84. Rf6+ Kd7 85. Rf1 Be2 86. Re1 Bh5 87. Re5 Bd1 88. Rc5 Ke6 89. Rc6+ Kf7 90. Rc1 Bh5 91. Ke5 Be2 92. Rg1 Bd3 93. Rg3 Bc2 94. Rc3 Bb1 95. Rb3 Ba2 96. Ra3 Bb1 97. Rg3 Bc2 98. Rg5 Bb1 99. Kf4 Bc2 100. Rc5 Bb1 101. Rg5 Bc2 102. Kg4 Bd1+ 103. Kh4 Be2 104. Rg2 Bd1 105. Rg1 Be2 106. Re1 Bd3 107. Re3 Bc2 108. Rc3 Bb1 109. Rg3 Bc2 110. Kh5 Bd1+ 111. Kh6 Bc2 112. Rg7+ Kf6 113. Rc7 Bf5 114. Ra7 Bd3 115. Ra8 Bc4 116. Rc8 Bd5 117. Rd8 Be6 118. Rf8+ Ke5 119. Kg5 Bd5 120. Re8+ Kd4 121. Kf4 Bc4 122. Re3 Bd3 123. Kf3 Bc4 124. Kf2 1/2-1/2

[Event "FISU World University-ch 2020"]
[Site "Online"]
[Date "2020.10.26"]
[Round "4.19"]
[White "Parol, Pola"]
[Black "La Villa Rivas, Marlon Javier"]
[Result "0-1"]
[WhiteElo "2069"]
[BlackElo "2233"]
[Annotator "TA"]
[PlyCount "108"]
[EventDate "2020.10.26"]
[SourceTitle "playchess.com"]
[Source "ChessBase"]
[SourceQuality "1"]

1. e4 c5 2. Nf3 Nc6 3. d4 cxd4 4. Nxd4 Nf6 5. Nc3 d6 6. Bg5 Bd7 7. Qd2 Rc8 8. O-O-O Nxd4 9. Qxd4 Qa5 10. f4 Rxc3 11. bxc3 e5 12. Qb4 Qxb4 13. cxb4 Nxe4 14. Re1 Nxg5 15. fxg5 Be7 16. h4 h6 17. gxh6 Rxh6 18. h5 Bg5+ 19. Kb2 Bd2 20. Re4 f5 21. Rc4 d5 22. Rc7 Rb6 23. a3 Be3 24. c4 Kd8 25. Rxd7+ Kxd7 26. cxd5 a5 27. Kb3 Kd6 28. Bc4 Bd2 29. Kc2 Bxb4 30. axb4 Rxb4 31. Kc3 b5 32. Bb3 Rg4 33. h6 Rg3+ 34. Kb2 Rxg2+ 35. Kb1 gxh6 36. Rxh6+ Kc5 37. Bc2 f4 38. d6 Rd2 39. Re6 Rxd6 40. Rxe5+ Kc4 41. Rf5 Rd4 42. Kb2 a4 43. Rf8 Kb4 44. Rf5 a3+ 45. Ka2 Kc3 46. Bb3 b4 47. Be6 Rd2+ 48. Kb1 b3 49. Rc5+ Kb4 50. Rc4+ Kb5 51. Rc8 Rd1+ 52. Rc1 a2+ 53. Kb2 Rxc1 54. Kxc1 a1=Q+ 0-1

[Event "FISU World University-ch 2020"]
[Site "Online"]
[Date "2020.10.26"]
[Round "4.19"]
[White "Sulkowski, Andrzej"]
[Black "Fernandez Bustamante, Leancy B."]
[Result "0-1"]
[WhiteElo "1783"]
[BlackElo "2080"]
[Annotator "TA"]
[PlyCount "120"]
[EventDate "2020.10.26"]
[SourceTitle "playchess.com"]
[Source "ChessBase"]
[SourceQuality "1"]

1. d4 Nf6 2. Bf4 g6 3. Nf3 Bg7 4. e3 d6 5. Be2 Nbd7 6. h3 b6 7. c4 c5 8. Nc3 O-O 9. O-O Bb7 10. d5 a6 11. a4 Ne8 12. Qc2 Nc7 13. Rfe1 Nf6 14. Rad1 b5 15. b3 b4 16. Nb1 Nh5 17. Bh2 f5 18. Nfd2 Nf6 19. Bf3 Qd7 20. e4 fxe4 21. Nxe4 Nxe4 22. Rxe4 Rae8 23. Bg4 Qd8 24. Rde1 e5 25. Nd2 Bc8 26. Bxc8 Qxc8 27. R4e2 Rf5 28. Ne4 Qd7 29. Rf1 Ref8 30. Qd2 h6 31. Ng3 R5f7 32. Ne4 Kh7 33. Qe3 Ne8 34. Kh1 Nf6 35. Nxf6+ Bxf6 36. Qd3 Bg5 37. f3 Bf4 38. Re4 Qd8 39. Bxf4 Rxf4 40. Rxf4 Rxf4 41. Re1 Rd4 42. Qe2 Qg5 43. Rd1 Rxd1+ 44. Qxd1 Qe3 45. Qc2 Kg7 46. Kh2 Qc3 47. Qd1 Kf6 48. g4 a5 49. Kg2 Qd4 50. Qc2 Qf4 51. Qe2 Qd4 52. Qc2 Kg7 53. Qe2 Kf6 54. Qc2 Qf4 55. Qd3 Kg5 56. Qc2 Qe3 57. h4+ Kxh4 58. Qxg6 Qe2+ 59. Kg1 Kg3 60. Qc2 Qe1# 0-1

[Event "FISU World University-ch 2020"]
[Site "Online"]
[Date "2020.10.26"]
[Round "4.20"]
[White "Loaiza, Yurani"]
[Black "Alarcon Jorquera, Kevin"]
[Result "1-0"]
[WhiteElo "1942"]
[BlackElo "1759"]
[Annotator "TA"]
[PlyCount "95"]
[EventDate "2020.10.26"]
[SourceTitle "playchess.com"]
[Source "ChessBase"]
[SourceQuality "1"]

1. e4 e6 2. d4 d5 3. exd5 exd5 4. Bd3 Bd6 5. Qf3 Be6 6. Ne2 Qf6 7. Qxf6 Nxf6 8. Bf4 Bb4+ 9. c3 Ba5 10. Nd2 Nc6 11. O-O Ne7 12. Rfe1 O-O 13. Ng3 Ng6 14. Bg5 c6 15. Nf3 Rfe8 16. h3 Bd8 17. Re2 Be7 18. Rae1 Nd7 19. Bxe7 Rxe7 20. Ng5 Nf4 21. Bxh7+ Kh8 22. Re3 Rae8 23. Bc2 f6 24. Nf3 Nb6 25. b3 Kg8 26. Nh4 g5 27. Ng6 Rg7 28. Nxf4 gxf4 29. Rxe6 Rxe6 30. Rxe6 fxg3 31. Rxf6 gxf2+ 32. Kxf2 Nd7 33. Rg6 Rxg6 34. Bxg6 Kf8 35. g4 b6 36. Bf5 Nf6 37. g5 Ng8 38. Kf3 Ne7 39. Kf4 Kg7 40. h4 c5 41. Ke5 cxd4 42. cxd4 Nc6+ 43. Kxd5 Nb4+ 44. Ke6 Nxa2 45. h5 Nc1 46. h6+ Kf8 47. Kf6 Nxb3 48. h7 1-0

[Event "FISU World University-ch 2020"]
[Site "Online"]
[Date "2020.10.26"]
[Round "4.20"]
[White "Moreno Bermudez, Jhon Jairo"]
[Black "Gasic Merino, Franco"]
[Result "0-1"]
[WhiteElo "1839"]
[BlackElo "2204"]
[Annotator "TA"]
[PlyCount "156"]
[EventDate "2020.10.26"]
[SourceTitle "playchess.com"]
[Source "ChessBase"]
[SourceQuality "1"]

1. e4 d5 2. exd5 Nf6 3. d4 Bg4 4. f3 Bf5 5. c4 e6 6. dxe6 Nc6 7. Be3 Bb4+ 8. Nc3 fxe6 9. a3 Be7 10. d5 Ne5 11. Bd4 Ned7 12. Bd3 Bxd3 13. Qxd3 exd5 14. cxd5 O-O 15. Nge2 Nb6 16. Bxb6 axb6 17. O-O Qd7 18. Rad1 Rfe8 19. Ng3 Ra5 20. Nge4 Rd8 21. Nxf6+ Bxf6 22. Kh1 Rc5 23. Ne4 Rxd5 24. Nxf6+ gxf6 25. Qc4 c6 26. Rxd5 Qxd5 27. Qxd5+ Rxd5 28. Kg1 Kf7 29. h3 b5 30. Rf2 Rd1+ 31. Kh2 Rd3 32. Re2 b4 33. axb4 Rb3 34. Kg3 Rxb4 35. Kf2 Rb3 36. Ke1 Rb5 37. Kd1 Rd5+ 38. Kc2 h5 39. Re4 Rg5 40. g4 h4 41. Rb4 b5 42. Rd4 Rc5+ 43. Kb1 Re5 44. Rd7+ Kg6 45. Rd8 Re3 46. Rh8 Rxf3 47. Rxh4 b4 48. Rh8 b3 49. Kc1 Rg3 50. Kd2 c5 51. Rc8 Rxh3 52. Rxc5 Rh2+ 53. Kd3 Rxb2 54. Rb5 Rb1 55. Kc3 b2 56. Kc2 Rg1 57. Kxb2 Rxg4 58. Kc3 Re4 59. Kd3 Re8 60. Rb6 Kg5 61. Rb7 f5 62. Rg7+ Kf4 63. Rf7 Kg4 64. Rg7+ Kf3 65. Rh7 Rd8+ 66. Kc2 f4 67. Rf7 Ke3 68. Re7+ Kf2 69. Rf7 f3 70. Rf6 Ke2 71. Re6+ Kf1 72. Rf6 f2 73. Rf7 Rd5 74. Rf8 Kg2 75. Rg8+ Kf3 76. Rf8+ Kg3 77. Rg8+ Kf4 78. Rf8+ Rf5 0-1

[Event "FISU World University-ch 2020"]
[Site "Online"]
[Date "2020.10.26"]
[Round "4.20"]
[White "Leon Badillo, Antonia"]
[Black "Rodriguez Pineda, Sofia"]
[Result "0-1"]
[WhiteElo "1320"]
[BlackElo "1783"]
[Annotator "NA RC"]
[PlyCount "62"]
[EventDate "2020.10.26"]
[SourceTitle "playchess.com"]
[Source "ChessBase"]
[SourceQuality "1"]

1. d4 Nf6 2. Bf4 d6 3. Nf3 g6 4. e3 Bg7 5. Bd3 O-O 6. O-O Nc6 7. Nbd2 Nd7 8. Be2 e5 9. dxe5 Ndxe5 10. c3 Re8 11. Qc2 Bf5 12. Qb3 h6 13. Bxe5 Nxe5 14. Qxb7 Rb8 15. Qxa7 Rxb2 16. Rfe1 Nxf3+ 17. Nxf3 Bxc3 18. Rec1 Qf6 19. Ba6 c5 20. Bc4 Re7 21. Qa8+ Kg7 22. Rd1 Be4 23. Bd5 Bxd5 24. Rxd5 Reb7 25. Qa4 Rxf2 26. Rad1 Rfb2 27. Rxd6 Qe7 28. Qc4 Qxe3+ 29. Kh1 Rb1 30. Qd5 Bd4 31. Nxd4 Rxd1# 0-1

[Event "FISU World University-ch 2020"]
[Site "Online"]
[Date "2020.10.26"]
[Round "4.21"]
[White "Pavcevic, Bruno"]
[Black "Toro Castaneda, Elizabeth"]
[Result "1-0"]
[WhiteElo "2125"]
[BlackElo "1989"]
[Annotator "TA"]
[PlyCount "163"]
[EventDate "2020.10.26"]
[SourceTitle "playchess.com"]
[Source "ChessBase"]
[SourceQuality "1"]

1. e4 c5 2. Nf3 d6 3. d4 cxd4 4. Nxd4 Nf6 5. Nc3 g6 6. Be2 Bg7 7. O-O O-O 8. Be3 Nc6 9. Qd2 Ng4 10. Bxg4 Bxg4 11. f3 Bd7 12. Rfd1 Re8 13. Rac1 Ne5 14. b3 Rc8 15. Nd5 b5 16. h3 e6 17. Nf4 Qc7 18. Nfe2 Red8 19. Bg5 f6 20. Be3 a6 21. c3 Nf7 22. Nf4 Re8 23. Kh1 Qa5 24. Nd3 e5 25. Ne2 Be6 26. Nb4 Bf8 27. Rc2 Be7 28. Nc1 Bd8 29. Qf2 d5 30. exd5 Bf5 31. Nc6 Rxc6 32. dxc6 Bxc2 33. Qxc2 Qc7 34. Nd3 Qxc6 35. Nb4 Qb7 36. Nd5 Be7 37. c4 Qc6 38. c5 Bf8 39. Nb4 Qa8 40. Qe4 Qxe4 41. fxe4 a5 42. Nd5 Kg7 43. Rc1 Rc8 44. a4 b4 45. c6 Nd6 46. c7 Ne8 47. Bb6 Bd6 48. Bxa5 f5 49. exf5 gxf5 50. Bxb4 Bxb4 51. Nxb4 Rxc7 52. Rxc7+ Nxc7 53. a5 e4 54. a6 Kf6 55. a7 Ke5 56. Na6 Na8 57. b4 Kd4 58. Kg1 Kc4 59. Kf2 Kb5 60. Nc5 Kxb4 61. Ne6 Kc4 62. h4 Kd5 63. Nf4+ Kd4 64. h5 h6 65. g3 Ke5 66. Ke3 Kf6 67. Nd5+ Kg5 68. Kd4 Kxh5 69. Ne3 Kg5 70. Ke5 f4 71. gxf4+ Kg6 72. Kxe4 h5 73. f5+ Kg5 74. Ke5 h4 75. f6 Kg6 76. Ke6 Nc7+ 77. Ke7 h3 78. f7 h2 79. f8=Q Nd5+ 80. Nxd5 h1=Q 81. Qf6+ Kh7 82. a8=Q 1-0

[Event "FISU World University-ch 2020"]
[Site "Online"]
[Date "2020.10.26"]
[Round "4.21"]
[White "Olarte Parra, Jhoan Sebastian"]
[Black "Paradzik, Berislav"]
[Result "0-1"]
[WhiteElo "1999"]
[BlackElo "2185"]
[Annotator "TA"]
[PlyCount "60"]
[EventDate "2020.10.26"]
[SourceTitle "playchess.com"]
[Source "ChessBase"]
[SourceQuality "1"]

1. f4 Nf6 2. b3 g6 3. Bb2 Bg7 4. Nf3 O-O 5. e3 c5 6. Be2 Nc6 7. O-O d6 8. Qe1 e5 9. fxe5 Ng4 10. h3 Ngxe5 11. Nc3 d5 12. Na4 Qe7 13. Qg3 Bf5 14. Nxe5 Nxe5 15. Rac1 Rad8 16. Kh1 b6 17. d3 Rfe8 18. Rce1 d4 19. e4 Bd7 20. Bc1 Bxa4 21. bxa4 Nd7 22. Bg5 f6 23. Bf4 Nf8 24. a5 b5 25. h4 Qf7 26. Ra1 Kh8 27. Bd6 Ne6 28. Bg4 Bf8 29. Rxf6 Bxd6 30. e5 Qxf6 0-1